Statistieken voor Europese landen met meeste inwoners

Klik hier om de quiz te nemen!

Algemene statistieken

  • Deze quiz is 152 keer genomen
  • De gemiddelde score is 19 van 20

Antwoordstatistieken

PlaatsInwonersLand% Correct
1017.861.351Nederland
100%
1146.447.424Rusland
100%
558.887.359Italië
99%
648.196.693Spanje
99%
284.432.670Duitsland
98%
368.107.000Frankrijk
98%
1111.730.564België
97%
837.767.000Polen
97%
1310.540.886Zweden
97%
1410.482.487Griekenland
96%
1510.444.240Portugal
96%
741.130.432Oekraïne
95%
919.053.815Roemenië
94%
467.026.292Verenigd Koninkrijk
93%
189.120.091Oostenrijk
91%
198.865.270Zwitserland
89%
169.678.000Hongarije
88%
1210.850.620Tsjechie
87%
179.255.524Wit-Rusland
83%
206.690.887Servië
75%

Scoreverdeling

Percentiel versus Aantal Correcte Antwoorden

Procent van Mensen met Elke Score

Uw Scoregeschiedenis

U heeft deze quiz nog niet genomen